| 000 | 00868nam a22002777a 4500 | ||
|---|---|---|---|
| 005 | 20230512223109.0 | ||
| 008 | 190515t xxu||||| |||| 00| 0 eng d | ||
| 020 | _a9781138629493 | ||
| 040 | _cCSPC | ||
| 082 | 0 |
_a306.4819 _bSh246t |
|
| 100 |
_aSharpley, Richard _eauthor |
||
| 245 | 0 | 0 |
_aTourism, tourists and society _cRichard Sharpley |
| 250 |
_a5th _bEdition |
||
| 260 |
_aLondon: _bRoutledge, _c2018. |
||
| 300 |
_avii, 372 pages: _bimages, figures, tables; _c25 cm. |
||
| 336 |
_2rdacontent _atext |
||
| 337 |
_2rdamedia _aunmediated |
||
| 338 |
_2rdacarrier _avolume |
||
| 500 | _aIncludes index. | ||
| 504 | _aIncludes bibliographical references pages (333-365). | ||
| 650 | 1 | 0 |
_aTourism _vSocial aspects. |
| 940 | _aLenie | ||
| 942 |
_cBOOK _jCIR 306.4819 Sh246t 2018 |
||
| 999 |
_c8630 _d8630 |
||